Comparative economic organization (Бичлэгийн дугаар. 145949)
| 000 -УДИРДЛАГА | |
|---|---|
| Удирдлага | 00824nam a22002657a 4500 |
| 003 - ХЯНАЛТЫН ТОО ТОДОРХОЙЛОГЧ | |
| Код | MN-UlNUM |
| 005 - БИЧИЛТ ХИЙСЭН ОГНОО | |
| Тухайн бичилтийг бичсэн засварласан сүүлийн огноо | 20251217092429.0 |
| 008 - ЕРӨНХИЙ МЭДЭЭЛЭЛ | |
| Ерөнхий мэдээлэл | 251217s1994 caua b 000 0 eng |
| 020 ## - ISBN | |
| ISBN | 1558153454 |
| -- | 1558153455 |
| 040 ## - БИЧЛЭГ ҮҮСГЭГЧ БАЙГУУЛЛАГА | |
| Бичлэг үүсгэгч номын сангийн код | МУИС-ийн номын сан |
| 084 ## - ББК АНГИЛАЛ | |
| Нэмэлт тусгалт | Нэг сэдэвт бүтээл |
| ББК ангилал | 65.012.1 |
| Зохиогчийн гурван тэмдэгт | W 69 |
| Мэдлэгийн ялгаа | 65 - Эдийн засаг |
| 100 ## - ЗОХИОГЧ | |
| Зохиогчийн нэр | Williamson, Oliver E |
| 110 ## - ЭРХЛЭН ГАРГАСАН /БАЙГУУЛЛАГА/ | |
| Эрхлэн гаргасан байгууллага | An International Center for Economic Growth publication |
| 245 ## - ҮНДСЭН ГАРЧИГ | |
| Номын нэр | Comparative economic organization |
| Бага гарчгийн мэдээ | The analysis of discrete structural alternatives |
| 260 ## - ГАРАЛТЫН МЭДЭЭ | |
| Хэвлэгдсэн газар | San Francisco, Calif |
| Хэвлэлийн газар | ICS Press |
| Хэвлэгдсэн он | 1994 |
| 300 ## - МАТЕРИАЛЫН ТОДОРХОЙЛОЛТ | |
| хуудасны тоо | 46 p. : |
| Бусад тоон мэдээлэл | ill. ; |
| Хэмжээ | 23 cm |
| 500 ## - Тайлбар | |
| Дансны дугаар | БС 4378 |
| 546 ## - ХЭЛНИЙ ТУХАЙ МЭДЭЭ | |
| Хэл | Англи хэл дээр, |
| 653 ## - Түлхүүр үг | |
| Түлхүүр үг | organization |
| 653 ## - Түлхүүр үг | |
| Түлхүүр үг | transaction costs |
| 653 ## - Түлхүүр үг | |
| Түлхүүр үг | economic development |
| 942 ## - ЭЛЕМЕНТИЙН ТӨРӨЛ | |
| Зүйлийн төрөл | Ном |
